|
|
|
|
| LEADER |
00000nam a2200000 a 4500 |
| 001 |
UCG1874 |
| 003 |
CL-VaPUC |
| 008 |
100531e19670000SP |||||||||||||||||spa|d |
| 082 |
0 |
4 |
|a 123.5
|b SCH
|2 21
|
| 100 |
0 |
|
|a Schopenahuer, Arthur
|e author
|9 549971
|
| 245 |
1 |
3 |
|a La libertad
|
| 300 |
|
|
|a 171 p
|
| 942 |
|
|
|c BK
|
| 945 |
|
|
|d 20100531 00:00:00
|a rbrito
|
| 260 |
|
|
|a Valencia
|b Prometeo
|c 1967
|
| 650 |
|
0 |
|a Filosofía
|9 223554
|
| 650 |
|
0 |
|a Libertad
|9 255686
|
| 650 |
|
0 |
|a Conciencia
|9 309452
|
| 650 |
|
0 |
|a Percepción
|9 266750
|
| 583 |
|
|
|a last modification
|c 20100531 00:00:00
|k Rodrigo Vera
|
| 999 |
|
|
|c 341132
|d 341130
|
| 952 |
|
|
|0 0
|1 0
|4 0
|6 123_500000000000000_SCH_1967
|7 0
|8 A
|9 436415
|a BIBEDU
|b BIBEDU
|d 2019-11-22
|i 4675274
|o 123.5 SCH 1967
|p 4675274
|r 2019-11-22
|w 2019-11-22
|y BK
|k EPE
|